000 00836cam a22002653a 4500
001 3451
003 PGUSA
005 20140828083032.0
008 021001s2002||||xxu|||||s|||||000 1 eng d
040 _aPGUSA
_beng
042 _adc
050 4 _aPT
100 1 _aMühlbach, L.
_q(Luise),
_d1814-1873
245 1 0 _aMarie Antoinette and Her Son
_h[electronic resource] /
_cL. Mühlbach
260 _bProject Gutenberg,
_c2002
500 _aTranslated from German.
506 _aPublic domain in the USA.
516 _aElectronic text
653 _aMarie Antoinette, Queen, consort of Louis XVI, King of France, 1755-1793 -- Fiction
653 _aHistorical fiction
653 _aLouis XVII, of France, 1785-1795 -- Fiction
830 0 _aProject Gutenberg
_v3451
856 4 0 _uhttp://www.gutenberg.org/ebooks/3451
942 _cEB
999 _c232780
_d232780